| 000 | 00691nam a2200229Ia 4500 | ||
|---|---|---|---|
| 005 | 20250508164107.0 | ||
| 008 | 008 250505s9999 xx 000 0 eng d | ||
| 037 | _aTextBook | ||
| 040 |
_aFEDL _beng _cFEDL |
||
| 041 |
_aeng _2eng |
||
| 084 |
_a370.1523, CAP/R _qFEDL |
||
| 100 |
_aCapel Susan Ed. _9777297 |
||
| 245 | 0 | _aLearning to teach in the secondary school: A companion to school experience | |
| 250 | _a3 | ||
| 260 |
_aLondon, UK _bRoutledge Falmer _c2001 |
||
| 300 | _a465p. | ||
| 365 |
_aGBP _b17.99 |
||
| 650 | _aSecondary education | ||
| 700 |
_a Leask Marilyn Ed. Turner Tony Ed. _9777298 |
||
| 942 |
_cTB _h370.1523, CAP/R |
||
| 999 |
_c1387019 _d1387019 |
||